| 000 | 00996nam a22003257a 4500 | ||
|---|---|---|---|
| 003 | CHAP | ||
| 005 | 20220817042654.0 | ||
| 008 | 971013s1956 r 00010 d | ||
| 010 | _a51786 | ||
| 011 | _a52758 | ||
| 035 | _a56908 | ||
| 040 | _cCHAP | ||
| 090 | _aFolleto 5342 | ||
| 100 | 0 | 0 |
_aSánchez Belda, Antonio. _9107362 |
| 245 | _aMáquinas de esquilar | ||
| 260 |
_aMadrid : _bMinisterio de Agricultura, _c1956 |
||
| 300 |
_a16 p. _b: ilus. |
||
| 490 |
_aHojas divulgadoras _v; 5-56 |
||
| 590 |
_aBATCH-UPD _b10 _c20130110 _lUCH01 _h0352 |
||
| 590 |
_aBATCH-UPD _b10 _c20130110 _lUCH01 _h2112 |
||
| 590 |
_aBATCH-UPD _b10 _c20130410 _lUCH01 _h0025 |
||
| 590 |
_aBATCH-UPD _b10 _c20130914 _lUCH01 _h1532 |
||
| 590 |
_aCONVERSION _b10 _c20130109 _lUCH01 _h1328 |
||
| 650 | 1 | 4 |
_aGanado lanar _xEsquila. _945177 |
| 650 | 1 | 4 |
_aMaquinaria agrícola. _971151 |
| 830 | 0 |
_aHojas divulgadoras _v; 5-56 |
|
| 901 | _aBK | ||
| 942 | _cFOLL | ||
| 949 |
_aFolleto 5342 _bBC _cFOLL _d-124062 _eTS1 _i56908 _mD _si |
||
| 999 |
_c51786 _d51786 |
||